| 000 | 00635nam a2200217 i 4500 | ||
|---|---|---|---|
| 001 | 6975 | ||
| 003 | ES-MaACL | ||
| 005 | 20230906145132.0 | ||
| 007 | t| | ||
| 008 | 900719s1990 sp ||||1| spa d | ||
| 020 | _a84-345-2953-X | ||
| 080 | _a616-091 | ||
| 245 | 0 | 0 |
_aAnatomia patologica / _cdirectora Juliana Fariña. |
| 260 |
_aBarcelona [etc.] : _bSalvat, _cD.L. 1990. |
||
| 300 |
_aXXXII, 1237 p. : _bil. ; _c28 cm. |
||
| 500 | _aIndice de materias. | ||
| 500 | _aDed. autogr. del dir. | ||
| 650 | 1 | 4 |
_aAnatomía patológica. _99806 |
| 700 | 1 |
_aFariña, Juliana. _948865 |
|
| 852 |
_aES-MaACL _jL-14225 _bR.117967 _z. - plast. |
||
| 999 |
_c6975 _d6975 |
||